000 00554nam a2200193Ia 4500
005 20250508153640.0
008 008 250505s9999 xx 000 0 eng d
037 _aBooks to be hide in OPAC
040 _aFEDL
_beng
_cFEDL
041 _aeng
_2eng
084 _a510.7, GOD
_qFEDL
100 _aGodfrey Charles
245 0 _aTeaching of elementary mathematics
260 _aCambridge
_bCambridge University Press
_c1946
300 _axi,322p.
700 _a Siddons A W
_9764201
942 _cHB
_h510.7, GOD
999 _c1344617
_d1344617